Encyclopedia of food engineering (Record no. 163149)
[ view plain ]
| 000 -LEADER | |
|---|---|
| fixed length control field | 00636nam a22002297a 4500 |
| 003 - CONTROL NUMBER IDENTIFIER | |
| control field | OSt |
| 082 ## - DEWEY DECIMAL CLASSIFICATION NUMBER | |
| Classification number | 664.003 |
| Item number | HAL/EN |
| 100 ## - MAIN ENTRY--PERSONAL NAME | |
| Personal name | Hall, W Carl |
| 245 ## - TITLE STATEMENT | |
| Title | Encyclopedia of food engineering |
| 260 ## - PUBLICATION, DISTRIBUTION, ETC. (IMPRINT) | |
| Place of publication, distribution, etc | Connecticut |
| Name of publisher, distributor, etc | Avi publishing Company |
| Date of publication, distribution, etc | 1971 |
| 300 ## - PHYSICAL DESCRIPTION | |
| Extent | 755p |
| 440 ## - SERIES TITLE | |
| Title | Encyclopedia of food technology and food science V.1 |
| 546 ## - LANGUAGE | |
| Language note | English |
| 650 ## - SUBJECT ADDED ENTRY--TOPICAL TERM | |
| Topical term or geographic name as entry element | Density of powdered products |
| 650 ## - SUBJECT ADDED ENTRY--TOPICAL TERM | |
| Topical term or geographic name as entry element | Aeration or mechanical cooling |
| 650 ## - SUBJECT ADDED ENTRY--TOPICAL TERM | |
| Topical term or geographic name as entry element | Detergents and cleaning |
| 650 ## - SUBJECT ADDED ENTRY--TOPICAL TERM | |
| Topical term or geographic name as entry element | Heating systems for HTST |
| 650 ## - SUBJECT ADDED ENTRY--TOPICAL TERM | |
| Topical term or geographic name as entry element | Packaging |
| 700 ## - ADDED ENTRY--PERSONAL NAME | |
| Personal name | Farrall, A W |
| 700 ## - ADDED ENTRY--PERSONAL NAME | |
| Personal name | Rippen, A L |
| 942 ## - ADDED ENTRY ELEMENTS (KOHA) | |
| Source of classification or shelving scheme | Dewey Decimal Classification |
| Koha item type | Reference Book |
| Lost status | Source of classification or shelving scheme | Damaged status | Not for loan | Collection code | Home library | Current library | Shelving location | Date acquired | Total Checkouts | Full call number | Barcode | Date last seen | Koha item type | Public note |
|---|---|---|---|---|---|---|---|---|---|---|---|---|---|---|
| Dewey Decimal Classification | Reference Book | KAU Central Library, Thrissur | KAU Central Library, Thrissur | Reference | 01/01/2019 | 664.003 HAL/EN | 906669 | 01/01/2019 | Reference Book | Book transferred from CoH Library, Acc.No: 931 | ||||
| Dewey Decimal Classification | Reference Book | KAU Central Library, Thrissur | KAU Central Library, Thrissur | Reference | 01/01/2019 | 664.003 HAL/EN | 906670 | 01/01/2019 | Reference Book | Book transferred from CoH Library, Acc.No: 3599 | ||||
| Dewey Decimal Classification | Reference Book | KAU Central Library, Thrissur | KAU Central Library, Thrissur | Reports | 01/01/2019 | 664.003 HAL/EN | 906671 | 01/01/2019 | Reference Book | Book transferred from CoH Library, Acc.No: 3432 |
